000 00534nam a2200169Ia 4500
003 GCL
008 140319s9999 xx 000 0 ara d
040 _aGCL /
_cGCL
082 0 4 _a822
_bم ج
100 1 _aموم, سمرست
245 1 0 _aجزاء خدماتهم /
_cموم, سمرست
490 _aروائع المسرح العالمى
_v0
650 0 4 _aالادب الانجليزى
650 0 4 _aالمسرحيات الانجليزية
650 0 4 _aالمسرحيات الانجليزية - مجموعات
942 _2ddc
_cBK
999 _c42357
_d42357